CLASSIC STARTS : (Record no. 8591)
[ view plain ]
| 000 -LEADER | |
|---|---|
| fixed length control field | 00887nam a22002297a 4500 |
| 003 - CONTROL NUMBER IDENTIFIER | |
| control field | OSt |
| 005 - DATE AND TIME OF LATEST TRANSACTION | |
| control field | 20260302073921.0 |
| 008 - FIXED-LENGTH DATA ELEMENTS--GENERAL INFORMATION | |
| fixed length control field | 260302b |||||||| |||| 00| 0 eng d |
| 020 ## - INTERNATIONAL STANDARD BOOK NUMBER | |
| International Standard Book Number | 9781402726637 |
| 040 ## - CATALOGING SOURCE | |
| Original cataloging agency | DWCL GS lib |
| Transcribing agency | OC |
| 100 ## - MAIN ENTRY--PERSONAL NAME | |
| Personal name | Crane Stephen |
| 245 ## - TITLE STATEMENT | |
| Title | CLASSIC STARTS : |
| Remainder of title | The Red Badge of Courage / |
| Statement of responsibility, etc. | Stephen Crane |
| 260 ## - PUBLICATION, DISTRIBUTION, ETC. | |
| Place of publication, distribution, etc. | New York |
| Name of publisher, distributor, etc. | The red badge of courage |
| Date of publication, distribution, etc. | c2006. |
| 300 ## - PHYSICAL DESCRIPTION | |
| Extent | vii, 147 pages: |
| Other physical details | illustrations |
| Dimensions | 22cm. |
| 520 ## - SUMMARY, ETC. | |
| Summary, etc. | An abridged version of the tale set in the spring of 1863 when, while engaged in the fierce battle of Chancellorsville in Virginia, a young Union soldier matures to manhood and finds peace of mind as he comes to grips with his conflicting emotions about war.<br/> |
| 546 ## - LANGUAGE NOTE | |
| Language note | English |
| 650 ## - SUBJECT ADDED ENTRY--TOPICAL TERM | |
| Topical term or geographic name entry element | Novel |
| 650 ## - SUBJECT ADDED ENTRY--TOPICAL TERM | |
| Topical term or geographic name entry element | War story |
| 650 ## - SUBJECT ADDED ENTRY--TOPICAL TERM | |
| Topical term or geographic name entry element | Historical Fiction |
| 700 ## - ADDED ENTRY--PERSONAL NAME | |
| Personal name | Stephen Crane |
| 942 ## - ADDED ENTRY ELEMENTS (KOHA) | |
| Source of classification or shelving scheme | Dewey Decimal Classification |
| Koha item type | Fiction |
| Classification part | Fic. |
| Suppress in OPAC | No |
| 952 ## - LOCATION AND ITEM INFORMATION (KOHA) | |
| -- | |
| Withdrawn status | Lost status | Source of classification or shelving scheme | Damaged status | Not for loan | Home library | Current library | Shelving location | Date acquired | Source of acquisition | Total Checkouts | Full call number | Barcode | Date last seen | Copy number | Price effective from | Koha item type | Uniform Resource Identifier |
|---|---|---|---|---|---|---|---|---|---|---|---|---|---|---|---|---|---|
| Dewey Decimal Classification | Grade School Library | Grade School Library | Fiction | 03/02/2026 | School Fund, Donation | Fic. H678 2006 | 20819 | 03/02/2026 | c1 | 03/02/2026 | FIC. |